| 000 | 00804nam a22002297a 4500 | ||
|---|---|---|---|
| 999 |
_c10267 _d10267 |
||
| 003 | AR-CdUCM | ||
| 008 | 190329b ||||| |||| 00| 0 spa d | ||
| 040 |
_aMUNICIPALIDAD PROVINCIAL DEL CUSCO _cBIBLIOTECA MUNICIPAL DEL CUSCO |
||
| 082 |
_23ed. _aES / 800 / _bC45 |
||
| 100 |
_aCervantes, Miguel de _917829 |
||
| 245 | _aEntremeses / | ||
| 260 |
_aEspaña : _bAraluce, _c1957. |
||
| 300 |
_a132 paginas ; _c15 cm. |
||
| 440 |
_aColección araluce. _927026 |
||
| 505 | _aContenido :La cueva de Salamanca -- El retablo de las maravillas -- La guarda cuidadosa -- El vizcaino fingido . | ||
| 650 |
_aLiteratura contemporánea _9759 |
||
| 650 |
_aLiteratura española _9362 |
||
| 700 |
_aBaeza, José (adaptador) _927027 |
||
| 700 |
_aAlbert (ilustrador) _927028 |
||
| 942 |
_2ddc _cLIBROS |
||
| 945 | _arum | ||